Návrh prípravy a predspracovanie dat pre podsystém účtovníctvo-výsledovka na zariadení TS SM 50/40-1 pre podniky RAJ v rámci ASR NV záverečná práca postgraduálneho štúdia

Guardado en:
Detalles Bibliográficos
Autor principal: Fecko, Ľubomír
Autor Corporativo: Vysoká škola ekonomická v Bratislave
Otros Autores: Kiš, Jaroslav
Formato: Libro
Lenguaje:eslovaco
Publicado: Košice 1991
Etiquetas: Agregar Etiqueta
Sin Etiquetas, Sea el primero en etiquetar este registro!

MARC

LEADER 00000nam a2200000 4500
001 c027192
005 20221214094306.3
041 0 |a slo 
044 |a SK 
245 1 0 |a Návrh prípravy a predspracovanie dat pre podsystém účtovníctvo-výsledovka na zariadení TS SM 50/40-1 pre podniky RAJ v rámci ASR NV  |b záverečná práca postgraduálneho štúdia  |c Ľubomír Fecko ; ved. práce Jaroslav Kiš 
264 1 |a Košice  |c 1991 
300 |a 43 s. 
100 1 |a Fecko, Ľubomír 
700 1 |a Kiš, Jaroslav 
710 2 |a Vysoká škola ekonomická v Bratislave